When the hammer falls (Record no. 66434)
[ view plain ]
| 000 -LEADER | |
|---|---|
| fixed length control field | 01175cam a2200193 4500 |
| 001 - CONTROL NUMBER | |
| control field | ABS63623 |
| 008 - FIXED-LENGTH DATA ELEMENTS--GENERAL INFORMATION | |
| fixed length control field | 000000n2001 000 0 eng u |
| 035 ## - SYSTEM CONTROL NUMBER | |
| System control number | (Sirsi) u111489 |
| 245 ## - TITLE STATEMENT | |
| Title | When the hammer falls |
| 260 ## - PUBLICATION, DISTRIBUTION, ETC. | |
| Date of publication, distribution, etc. | 2001 |
| 490 ## - SERIES STATEMENT | |
| Series statement | Estate Agency News |
| Volume/sequential designation | (165) March 2001, 10(1) |
| 520 ## - SUMMARY, ETC. | |
| Summary, etc. | Considers effects the Homes Bill could have on properties up for sale at auction, if it becomes law in January 2003. For instance, notes that auction houses will be required to supply a Seller's Pack to potential buyers who request one, and that this will involve considerable cost. Notes that auctioneers already provide most of the information that will have to be provided in the packs. One contentious exception is that they will be required to include a report giving details about the condition of the property. Overall, summises that although the Bill will change the procedure for auctioning residential property in England and Wales, it will not change the basic requirements. |
| 590 ## - LOCAL NOTE (RLIN) | |
| Local note | ABS |
| 650 ## - SUBJECT ADDED ENTRY--TOPICAL TERM | |
| Topical term or geographic name entry element | HOMES BILL 2001 |
| 650 ## - SUBJECT ADDED ENTRY--TOPICAL TERM | |
| Topical term or geographic name entry element | RESIDENTIAL PROPERTY |
| 9 (RLIN) | 6266 |
| 650 ## - SUBJECT ADDED ENTRY--TOPICAL TERM | |
| Topical term or geographic name entry element | HOME INFORMATION PACKS |
| 690 ## - LOCAL SUBJECT ADDED ENTRY--TOPICAL TERM (OCLC, RLIN) | |
| Topical term or geographic name as entry element | Auctioneering |
| 9 (RLIN) | 6218 |
| 942 ## - ADDED ENTRY ELEMENTS (KOHA) | |
| Suppress in OPAC | 0 |
| Withdrawn status | Lost status | Source of classification or shelving scheme | Damaged status | Not for loan | Home library | Current library | Shelving location | Date acquired | Total Checkouts | Full call number | Barcode | Date last seen | Copy number | Price effective from | Koha item type |
|---|---|---|---|---|---|---|---|---|---|---|---|---|---|---|---|
| Dewey Decimal Classification | London | London | Journal article | 20/03/2001 | ABS63623 | 111489-1001 | 06/08/2019 | 1 | 06/08/2019 | Journal article |